000 00485nam a2200181Ia 4500
003 OSt
005 20260325105523.0
008 211028s2006 xx 000 0 und d
040 _cAIMIT LIBRARY
041 _aeng
082 _a658.15 REBP
100 _aRebello, Praveen B;Tauro, Lavina.
_g40911107
_95602
245 _aStudy of major players in mutul funds industry /
260 _bTauro, Lavina
_c2006
600 _aFinance
_95603
650 _aFinance
_95604
942 _2ddc
_cPRO
999 _c217959
_d217959